| 000 | 00755cam a2200217Ia 4500 | ||
|---|---|---|---|
| 020 | _a9782070612758 | ||
| 020 | _a2070612759 | ||
| 040 | _cDV1 | ||
| 082 | _a843 GAL 2007 A094 Or. | ||
| 100 | 1 | _aSaint-Exup©♭ry, Antoine de, | |
| 245 | 1 | 3 |
_aLe petit prince : _bavec des aquarelles de l'auteur / |
| 260 |
_a[Paris] : _bGallimard, _cc2007 |
||
| 300 |
_a113 p. : _bcol. ill. ; _c18 cm |
||
| 490 | 0 | _aCollection Folio junior | |
| 520 | _aAn aviator whose plane is forced down in the Sahara Desert encounters a little prince from a small planet who relates his adventures in seeking the secret of what is important in life | ||
| 650 | 0 | _aPrinces | |
| 650 | 0 | _aFairy tales | |
| 650 | 4 | _aNovela francesa | |
| 650 | 4 | _aLiteratura francesa | |
| 942 | _cEK | ||
| 999 |
_c14269 _d14269 |
||